Movies Quiz

Random Movies or Clickable Quiz

Rated G (Clickable) Quiz Stats

 Plays Quiz not verified by Sporcle

Challenge
Share
Tweet
Embed
Score 0/15 Timer 04:00
0 Plays Today
% Correct
101 Dalmatians
92.2%
Pinocchio
88.8%
Aladdin
88.8%
The Lion King
88.2%
Beauty and the Beast
86.3%
Finding Nemo
84.1%
Mulan
83.1%
Mary Poppins
82.9%
% Correct
The Land Before Time
78.1%
Ratatouille
77.3%
Babe
74.7%
The Sound of Music
70.1%
March of the Penguins
66.9%
Rio
56.6%
The Princess Diaries
43.6%

You're not logged in!

Compare scores with friends on all Sporcle quizzes.
Join for Free
OR
Log In

You Might Also Like...

Show Comments

Extras

Top Quizzes Today


Score Distribution

Your Account Isn't Verified!

In order to create a playlist on Sporcle, you need to verify the email address you used during registration. Go to your Sporcle Settings to finish the process.

Report this User

Report this user for behavior that violates our Community Guidelines.

Details: